Získavanie finančných zdrojov na financovanie investičných projektov v spoločnosti AR s.r.o. = Acquisition of financial sourses for financing of investment projects in company AR s.r.o. : Diplomová práca

Gespeichert in:
Bibliographische Detailangaben
1. Verfasser: Fuzyová, Erika (Verfasst von)
Weitere Verfasser: Černý, Ivan, 1965- (xxx)
Format: Manuskript Buch
Sprache:Slowakisch
Veröffentlicht: Trnava : STU v Bratislave MTF UPMK, 2008
Schlagworte:
Tags: Tag hinzufügen
Keine Tags, Fügen Sie das erste Tag hinzu!

MARC

LEADER 00000ntm a22000003a 4500
001 stu158206
005 20160719155811.0
008 080219s2008----xo------------------slo-d
040 |a STU  |b slo 
041 0 |a slo 
044 |a xo 
100 1 |a Fuzyová, Erika  |4 aut 
245 1 |a Získavanie finančných zdrojov na financovanie investičných projektov v spoločnosti AR s.r.o. = Acquisition of financial sourses for financing of investment projects in company AR s.r.o. :  |b Diplomová práca 
260 |a Trnava :  |b STU v Bratislave MTF UPMK,  |c 2008 
300 |a 76 s  |c príl (1 CD-ROM) 
500 |a Program: priemyselné manažérstvo 
650 7 |a financovanie podniku  |2 stusub 
700 1 |a Černý, Ivan,  |d 1965-  |4 xxx  |X 4753  |7 A000004753 
996 |b 284M067315  |c M*DP-7022  |l MMSKP  |s P  |a 0  |w stu158206_0001